تاثير جائحة كورونا على الاداء المالي للشركات الصناعية الاردنية المدرجة في بورصة عمان = TheEffect of the Corona Pandemic on the Financial Performance of Jordanian Industrial Companies Listed in Amman Stock Exhange / (Record no. 33387)
[ view plain ]
| 000 -LEADER | |
|---|---|
| fixed length control field | 01172nam a22002057a 4500 |
| 003 - CONTROL NUMBER IDENTIFIER | |
| control field | JO-AjAnu |
| 005 - DATE AND TIME OF LATEST TRANSACTION | |
| control field | 20240402105411.0 |
| 008 - FIXED-LENGTH DATA ELEMENTS--GENERAL INFORMATION | |
| fixed length control field | 240401b jo ||||| |||| 00| 0 ara d |
| 040 ## - CATALOGING SOURCE | |
| Original cataloging agency | JO-AjAnu |
| Transcribing agency | JO-AjAnu |
| 041 #0 - LANGUAGE CODE | |
| Language code of text/sound track or separate title | ara |
| 050 ## - LIBRARY OF CONGRESS CALL NUMBER | |
| Classification number | HG4235.25 |
| Item number | 2023 |
| 100 #1 - MAIN ENTRY--PERSONAL NAME | |
| Personal name | الروسان، ابراهيم زامل |
| 9 (RLIN) | 65217 |
| Relator term | معد |
| 245 #0 - TITLE STATEMENT | |
| Title | تاثير جائحة كورونا على الاداء المالي للشركات الصناعية الاردنية المدرجة في بورصة عمان = TheEffect of the Corona Pandemic on the Financial Performance of Jordanian Industrial Companies Listed in Amman Stock Exhange / |
| Statement of responsibility, etc. | اعداد ابراهيم زامل الروسان؛ إشراف علي عبدالله الزعبي |
| 260 ## - PUBLICATION, DISTRIBUTION, ETC. | |
| Date of publication, distribution, etc. | 2022 |
| 300 ## - PHYSICAL DESCRIPTION | |
| Extent | 98ورقة |
| 505 ## - FORMATTED CONTENTS NOTE | |
| Formatted contents note | رسالة جامعية(ماجستير).- جامعةعجلون الوطنية (عجلون، الأردن) ، كليةالأعمال، قسم إدارة الاعمال ، 2022. |
| 650 70 - SUBJECT ADDED ENTRY--TOPICAL TERM | |
| Topical term or geographic name entry element | الشركات الصناعيه - محاسبة -الاردن - جائحة كورونا |
| 9 (RLIN) | 65218 |
| 700 #1 - ADDED ENTRY--PERSONAL NAME | |
| Personal name | الزعبي، علي عبدالله |
| 9 (RLIN) | 65219 |
| Relator term | مشرف |
| 942 ## - ADDED ENTRY ELEMENTS (KOHA) | |
| Source of classification or shelving scheme | Library of Congress Classification |
| Koha item type | Thesis |
| Suppress in OPAC | No |
No items available.